000 00439nam a2200169Ia 4500
005 20250425161227.0
008 250425s9999 xx 000 0 und d
041 _aeng
082 _a378.0025
245 0 _aINTERNATIONAL DIRECTORY OF WORK EXPERIENCE INSTITUTIONS
250 _aS.E.
260 _aEstados Unidos
_bINTENACIONA CENTER FOR EDUCATION AND WORK
_c1983
260 _aS.L.
300 _a181
942 _c01
010 _a15644
999 _c205008
_d205008